000 00594nam a2200241Ia 4500
003 OSt
005 20221005124118.0
006 a|||||r|||| 00| 0
007 ta
008 221004b |||||||| |||| 00| 0 ben d
024 _a47487
037 _cTextual
040 _aCRL
_cCRL
_bben
041 _2ben
_aben
082 _aO157,3M61,4, 31J5
100 _aTagore Au.
245 0 _aMayavinodhini
260 _c1955
300 _a316p.
_ccm.
650 _aBERGER LITERATURE
_92927
942 _hO157,3M61,4, 31J5
_cTEXL
_2cc
999 _c1049506
_d1049506